Honduras y el Mercado Común Centroamericano (Registro nro. 17073)

Detalles MARC
000 -LEADER
fixed length control field 00330 a2200109 4500
001 - CONTROL NUMBER
control field ART_7816
005 - DATE AND TIME OF LATEST TRANSACTION
control field 20260410161722.0
008 - FIXED-LENGTH DATA ELEMENTS--GENERAL INFORMATION
fixed length control field 260409a
100 1# - MAIN ENTRY--PERSONAL NAME
Personal name Brodersohn, Mario S.
245 10 - TITLE STATEMENT
Title Honduras y el Mercado Común Centroamericano
773 0# - HOST ITEM ENTRY
Title Revista de la integración
Related parts - Nº 18 (ene. 1975)
Record control number REV1815

No hay ítems disponibles.